[Event "Umada Cup"]
[Site "Hastings"]
[Date "2011.11.11"]
[Round "6"]
[White "Farley, Terry"]
[Black "Warner, Delisle"]
[Result "1-0"]
[WhiteElo "2253"]
[BlackElo "2249"]
[PlyCount "107"]
[EventDate "2011.11.09"]
[EventType "tourn"]
[EventRounds "9"]
[EventCountry "BAR"]
[SourceTitle "EXT 2012"]
[Source "ChessBase"]
[SourceDate "2011.11.24"]
[SourceVersion "1"]
[SourceVersionDate "2011.11.24"]
[SourceQuality "1"]

1. c4 Nf6 2. Nc3 d5 3. cxd5 Nxd5 4. d4 g6 5. e4 Nxc3 6. bxc3 c5 7. Be3 Bg7 8. Bc4 Nc6 9. Ne2 0-0 10. 0-0 e6 11. Rb1 cxd4 12. cxd4 b6 13. Qa4 Na5 14. Bd3 Bd7 15. Qa3 Bc6 16. Rfc1 Qh4 17. f3 Bh6 18. Ba6 Bxe3+ 19. Qxe3 Rad8 20. Rc2 Rd7 21. Rbc1 Ba4 22. Rc3 b5 23. Rc5 Nc4 24. Qf2 Qxf2+ 25. Kxf2 Rb8 26. Nc3 Nb2 27. Ke3 b4 28. Nxa4 Nxa4 29. Rc8+ Rd8 30. R8c7 b3 31. axb3 Rxb3+ 32. Kf4 Nb2 33. Rxa7 Ra3 34. Rcc7 Rxd4 35. Ke5 Rd8 36. Kf6 Rf8 37. e5 Nd1 38. Rxf7 Rxf7+ 39. Rxf7 Rxa6 40. Rd7 Ra8 41. Rxd1 Re8 42. Rd7 Rf8+ 43. Kxe6 Rf5 44. Kd6 h5 45. e6 Rf6 46. Ke7 Rf5 47. Kd8 Rf8+ 48. Kc7 Rf6 49. Rd8+ Kg7 50. e7 Rf7 51. Kd7 h4 52. h3 g5 53. Ra8 g4 54. fxg4 1-0

[Event "Bridgetown Heroes Day"]
[Site "Bridgetown"]
[Date "2011.05.02"]
[Round "8"]
[White "Warner, Delisle"]
[Black "Hammar, Bengt Erik"]
[Result "1/2-1/2"]
[WhiteElo "2241"]
[BlackElo "2283"]
[PlyCount "40"]
[EventDate "2011.04.28"]
[EventType "tourn"]
[EventRounds "9"]
[EventCountry "BAR"]
[EventCategory "3"]
[SourceTitle "CBM 142 Extra"]
[Source "ChessBase"]
[SourceDate "2011.06.27"]
[SourceVersion "1"]
[SourceVersionDate "2011.06.27"]
[SourceQuality "1"]

1. d4 Nf6 2. c4 d6 3. Nc3 e5 4. Nf3 Nbd7 5. e4 g6 6. Be2 Bg7 7. 0-0 0-0 8. Be3 c6 9. d5 cxd5 10. cxd5 Ng4 11. Bg5 f6 12. Bd2 Nh6 13. Rc1 a6 14. Qc2 Nf7 15. Ne1 Bh6 16. b4 Bxd2 17. Qxd2 f5 18. Kh1 f4 19. Bg4 Kh8 20. g3 Qg5 1/2-1/2

[Event "Olympiad-39"]
[Site "Khanty-Mansiysk"]
[Date "2010.09.24"]
[Round "4.3"]
[White "Cabralis, Quinn"]
[Black "Warner, Delisle"]
[Result "1/2-1/2"]
[WhiteElo "2169"]
[BlackElo "2240"]
[PlyCount "141"]
[EventDate "2010.09.21"]
[EventType "team-swiss"]
[EventRounds "11"]
[EventCountry "RUS"]
[SourceTitle "CBM 139"]
[Source "ChessBase"]
[SourceDate "2010.11.18"]
[SourceVersion "1"]
[SourceVersionDate "2010.11.18"]
[SourceQuality "1"]
[WhiteTeam "Trinidad and Tobago"]
[BlackTeam "Barbados"]
[WhiteTeamCountry "TRI"]
[BlackTeamCountry "BAR"]

1. e4 e6 2. d4 d5 3. exd5 exd5 4. c4 Nf6 5. Nc3 Bb4 6. Bd3 dxc4 7. Bxc4 0-0 8. Nge2 c6 9. 0-0 Bd6 10. Ng3 Bg4 11. Qd3 Re8 12. Bg5 Be6 13. d5 cxd5 14. Bxd5 Bxd5 15. Nxd5 Bxg3 16. Qxg3 Qxd5 17. Bxf6 g6 18. Rfd1 Qe6 19. Bc3 Nc6 20. Rd6 Qf5 21. Rad1 Re7 22. Qh4 Rae8 23. g4 Qf3 24. R6d3 Qf4 25. Rh3 f5 26. gxf5 Qxf5 27. Rdd3 Ne5 28. Bxe5 Qxe5 29. Rhe3 Qc7 30. Rc3 Qd8 31. Qc4+ Kg7 32. Rcd3 Qb6 33. Rd7 Rxd7 34. Rxe8 Qf6 35. Rg8+ Kh6 36. Qg4 Qg5 37. Qxg5+ Kxg5 38. Rc8 Rd2 39. Rc5+ Kf6 40. Rb5 b6 41. a4 Rd4 42. a5 Rg4+ 43. Kf1 Rg5 44. Rxg5 Kxg5 45. axb6 axb6 46. Ke2 Kf4 47. Kd3 Kf3 48. Kc4 Kxf2 49. Kb5 Kg2 50. h4 Kh3 51. Kxb6 Kxh4 52. Kc6 g5 53. b4 g4 54. b5 g3 55. b6 g2 56. b7 g1Q 57. b8Q Qg6+ 58. Kd5 Qf5+ 59. Kd4 h5 60. Ke3 Kh3 61. Qf4 Qe6+ 62. Kf2 Qa2+ 63. Ke1 Qg2 64. Qf5+ Qg4 65. Qf1+ Kh2 66. Qf2+ Kh1 67. Qf1+ Qg1 68. Ke2 Kh2 69. Qxg1+ Kxg1 70. Kf3 Kh2 71. Kf2 1/2-1/2